G20 Countries and Capitals - Statistics

General Stats
  • This quiz has been taken 175 times
  • The average score is 34 of 40
Answer Stats
Countries Capitals % Correct
EuropeanUnion N/A
99%
Brazil
94%
China
94%
France
94%
United States
94%
Japan
93%
Russia
93%
South Africa
92%
United Kingdom
92%
India
91%
Italy
91%
France Paris
91%
Canada
90%
Germany
90%
Indonesia
90%
Mexico
90%
Australia
89%
Russia Moscow
89%
United States Washington D.C.
89%
Argentina
88%
Japan Tokyo
88%
China Beijing
87%
Italy Rome
87%
United Kingdom London
86%
Germany Berlin
85%
Brazil Brasilia
85%
India New Delhi
85%
Saudi Arabia
85%
South Korea
85%
Canada Ottawa
84%
Indonesia Jakarta
82%
Mexico Mexico City
82%
South Korea Seoul
80%
Turkey
80%
Australia Canberra
79%
Argentina Buenos Aires
78%
Saudi Arabia Riyadh
71%
Turkey Ankara
67%
European Union
62%
South Africa Pretoria,Bloemfontein, Cape Town
26%
No matching quizzes found
Score Distribution
Percent of People with Each Score
Percentile by Number Answered
Your Score History
You have not taken this quiz